Cultural Impact on Economic Freedom in OECD Member Countries
Identifikácia Hofstedeho kultúrnych dimenzií, ktoré majú s indexom ľudského rozvoja kombinovaný vplyv na ekonomickú slobodu, meranú Indexom ekonomickej slobody (Heritage Foundation) v členských krajinách OECD.
Salvato in:
| Autore principale: | |
|---|---|
| Natura: | Capitolo di libro |
| Lingua: | inglese |
| Soggetti: | |
| Tags: |
Nessun Tag, puoi essere il primo ad aggiungerne!!
|
MARC
| LEADER | 00000naa a2200000 4500 | ||
|---|---|---|---|
| 001 | 0283164 | ||
| 005 | 20240502074407.1 | ||
| 041 | 0 | |a eng | |
| 044 | |a SK | ||
| 245 | 1 | 0 | |a Cultural Impact on Economic Freedom in OECD Member Countries |c Dušan Steinhauser |
| 520 | |a Identifikácia Hofstedeho kultúrnych dimenzií, ktoré majú s indexom ľudského rozvoja kombinovaný vplyv na ekonomickú slobodu, meranú Indexom ekonomickej slobody (Heritage Foundation) v členských krajinách OECD. | ||
| 610 | 2 | 0 | |a index ekonomickej slobody |
| 610 | 2 | 0 | |a kultúra |
| 610 | 2 | 0 | |a index rozvoja ľudského |
| 610 | 2 | 0 | |a sloboda ekonomická |
| 610 | 2 | 0 | |a OECD |
| 100 | 1 | |a Steinhauser, Dušan, 1988- | |